Музыкальная эстетика России XI-XVIII веков: Документы и материалы

Bibliographic Details
Language:Russian
Published: Москва, Музыка, 1973
Subjects:
Format: Book
KOHA link:https://koha.lib.tpu.ru/cgi-bin/koha/opac-detail.pl?biblionumber=21055

MARC

LEADER 00000nam0a2200000 4500
001 21055
005 20231030192330.0
035 |a (RuTPU)RU\TPU\book\21250 
035 |a BOOK00005943 
090 |a 21055 
100 |a 20011209d1973 km y0rusy50 ca 
101 0 |a rus 
102 |a RU 
105 |a y z 000zy 
200 1 |a Музыкальная эстетика России XI-XVIII веков  |e Документы и материалы 
210 |a Москва  |c Музыка  |d 1973 
215 |a 245 с. 
610 1 |a музыка 
610 1 |a эстетика 
610 1 |a музыкальная эстетика 
610 1 |a Древняя Русь 
610 1 |a история 
610 1 |a 11 век 
610 1 |a 12 век 
610 1 |a 13 век 
610 1 |a 14 век 
610 1 |a 15 век 
610 1 |a 16 век 
610 1 |a 17 век 
610 1 |a 18 век 
675 |a 781  |v 3 
801 0 |a RU  |b 63413507  |c 20011209  |g PSBO 
801 2 |a RU  |b 63413507  |c 20080710  |g PSBO 
942 |c BK